| 000 | 01115nam a2200313Ia 4500 | ||
|---|---|---|---|
| 001 | ebr10131925 | ||
| 003 | CaPaEBR | ||
| 006 | m u | ||
| 007 | cr cn||||||||| | ||
| 008 | 040601s2004 caua s 001 0 eng d | ||
| 010 | _z 2004108201 | ||
| 020 | _z0782151310 | ||
| 020 | _z0782143474 | ||
| 040 |
_aCaPaEBR _cCaPaEBR |
||
| 035 | _a(OCoLC)614932472 | ||
| 050 | 1 | 4 |
_aQA76.76.O63 _bJ375 2004eb |
| 082 | 0 | 4 |
_a005.4/32 _222 |
| 100 | 1 | _aJang, Michael H. | |
| 245 | 1 | 0 |
_aMastering Red Hat Linux Enterprise 3 _h[electronic resource] / _cMichael Jang. |
| 260 |
_aSan Francisco : _bSybex, _c2004. |
||
| 300 |
_axxxii, 942 p. : _bill. |
||
| 500 | _aIncludes index. | ||
| 533 |
_aElectronic reproduction. _bPalo Alto, Calif. : _cebrary, _d2009. _nAvailable via World Wide Web. _nAccess may be limited to ebrary affiliated libraries. |
||
| 630 | 0 | 0 | _aLinux. |
| 650 | 0 | _aOperating systems (Computers) | |
| 655 | 7 |
_aElectronic books. _2local |
|
| 710 | 2 | _aebrary, Inc. | |
| 856 | 4 | 0 |
_uhttp://site.ebrary.com/lib/rucke/Doc?id=10131925 _zAn electronic book accessible through the World Wide Web; click to view |
| 999 |
_c183440 _d183440 |
||